[Event "ECC"]
[Site "Panormo GRE"]
[Date "2001.09.29"]
[Round "7"]
[White "Ginzburg,Mi"]
[Black "Movsesian,S"]
[Result "0-1"]
[WhiteElo "2274"]
[BlackElo "2627"]

1.e4 c5 2.Nf3 Nc6 3.d4 cxd4 4.Nxd4 Qc7 5.Nc3 e6 6.Be2 a6 7.O-O Nf6 8.a3 Be7
9.Kh1 d6 10.a4 O-O 11.Be3 Re8 12.f4 Bd7 13.Nb3 b6 14.Bf3 Rab8 15.Qe2 Bc8
16.Rad1 Bb7 17.Nd4 Nb4 18.Bc1 Nd7 19.f5 Bf6 20.fxe6 fxe6 21.Bh5 Re7 22.Bg4 Rbe8
23.Bh3 Ne5 24.Nb1 Nbc6 25.Nb3 Nb8 26.a5 b5 27.c3 Nbd7 28.N1d2 Nc4 29.Nf3 Nde5
30.Ng5 h6 31.Nf3 Nxf3 32.Qxf3 Ne5 33.Qe2 Qc4 34.Qxc4 bxc4 35.Nd2 Bg5 36.Nf3 Bxc1
37.Nxe5 dxe5 38.Rxc1 Bxe4 39.Rfe1 Bd5 40.Rxe5 Rb8 41.Re2 Rb5 42.Ra1 Kf7 43.Kg1 Ke8
44.Bg4 Kd7 45.Rd2 Kc6 46.Re2 Kc5 47.Ra2 Kd6 48.Ra1 Re8 49.Rd2 Kc5 50.Re2 g6
51.Bh3 Re7 52.Ra2 e5 53.Re3 e4 54.Kf2 Rb8 55.Re1 Rf8+ 56.Ke3 h5 57.Raa1 g5
58.g3 Rf3+ 59.Ke2 e3 60.Rf1 g4  0-1

[Event "TCh-CZE 2001-2"]
[Site "CZE"]
[Date "2001.12.16"]
[Round "5"]
[White "Konopka,M"]
[Black "Movsesian,S"]
[Result "0-1"]
[WhiteElo "2476"]
[BlackElo "2624"]

1.d4 e6 2.c4 Bb4+ 3.Bd2 Qe7 4.g3 f5 5.Bg2 Nf6 6.Nf3 Bxd2+ 7.Qxd2 d6 8.Nc3 e5
9.dxe5 dxe5 10.e4 Nc6 11.O-O fxe4 12.Ng5 Nd4 13.Ngxe4 Nxe4 14.Nxe4 Bg4 15.Qg5 Qxg5
16.Nxg5 h6 17.Ne4 O-O 18.Nc3 Nf3+ 19.Bxf3 Bxf3 20.Rae1 Rae8 21.Re3 a6 22.Rfe1 Rf5
23.Nd5 Bxd5 24.cxd5 e4 25.Rxe4 Rxe4 26.Rxe4 Rxd5 27.Re2 Kf7 28.f4 c5 29.Kf2 c4
30.Kf3 b5 31.Ke4 Rd1 32.Ke5 Ra1 33.a3 Rd1 34.Rc2 Ke7 35.Kf5 Rd6 36.g4 Re6
37.g5 g6+ 38.Kg4 h5+ 39.Kf3 Re1 40.a4 Ke6 41.axb5 axb5 42.Rd2 b4 43.Rc2 Kd5
44.Rd2+ Kc5 45.f5 Re5 46.fxg6 Rf5+ 47.Ke4 Rxg5 48.h4 Rxg6 49.Rd5+ Kc6 50.Rxh5 Rd6
51.Rh8 Rd2 52.Rc8+ Kb5 53.b3 c3 54.Rb8+ Kc5 55.Rc8+ Kd6 56.Rc4 Rd5 57.Rxb4 c2
58.Rb6+ Kc7 59.Kxd5 Kxb6  0-1

[Event "TCh-AUT 2001-2"]
[Site "Graz AUT"]
[Date "2002.01.17"]
[Round "5"]
[White "Movsesian,S"]
[Black "Blatny,P"]
[Result "1-0"]
[WhiteElo "2624"]
[BlackElo "2433"]

1.e4 e5 2.Nf3 Nc6 3.d4 exd4 4.Nxd4 Bc5 5.Be3 Qf6 6.c3 Nge7 7.Bc4 Ne5 8.Be2 Qg6
9.O-O h5 10.Nd2 d5 11.f3 Bb6 12.a4 a5 13.Kh1 dxe4 14.fxe4 h4 15.h3 f6 16.Qb3 Bd7
17.Rae1 O-O-O 18.Nc4 Nxc4 19.Bxc4 Bxd4 20.cxd4 f5 21.Bf7 Bxa4 22.Qa2 Qc6
23.d5 Qb5 24.Bg5 Bb3 25.Qa3 Bc4 26.Rg1 Nc6 27.dxc6 Bxf7 28.Bxd8 Rxd8 29.Qe7 Bc4
30.cxb7+ Qxb7 31.exf5 Qc6 32.Qxh4 Qc5 33.Rd1 Bd5 34.Qg4 Kb7 35.Rd2 Rh8 36.Rgd1 Bc6
37.Rd3 Qc2 38.R1d2 Qc1+ 39.Kh2 Qc5 40.Rb3+ Ka8 41.Rc3 Qe5+ 42.Qg3  1-0

[Event "TCh-AUT 2001-2"]
[Site "Graz AUT"]
[Date "2002.01.20"]
[Round "8"]
[White "Hickl,J"]
[Black "Movsesian,S"]
[Result "1/2-1/2"]
[WhiteElo "2601"]
[BlackElo "2624"]

1.Nf3 c5 2.g3 Nc6 3.Bg2 g6 4.c4 Bg7 5.Nc3 Nf6 6.O-O O-O 7.d3 d6 8.a3 Ne8
9.Bd2 Nc7 10.Rb1 a5 11.Ne1 Bd7 12.Nc2 Rb8 13.b4 axb4 14.axb4 cxb4 15.Nxb4 Nxb4
16.Rxb4 b5 17.cxb5 Nxb5 18.Nxb5 Rxb5 19.Rxb5 Bxb5 20.Qb3 Qd7 21.Rc1  1/2-1/2

[Event "XVIII Open"]
[Site "Cappelle la Grande FRA"]
[Date "2002.02.13"]
[Round "5"]
[White "Movsesian,S"]
[Black "Burmakin,V"]
[Result "1/2-1/2"]
[WhiteElo "2624"]
[BlackElo "2564"]

1.e4 c6 2.d4 d5 3.e5 Bf5 4.Nc3 a6 5.Be3 e6 6.g4 Bg6 7.Nge2 f6 8.Nf4 Bf7 9.Nd3 Nd7
10.f4 Ne7 11.Bg2 h5 12.h3 fxe5 13.fxe5 hxg4 14.hxg4 Rxh1+ 15.Bxh1 c5 16.Nxc5 Nxc5
17.dxc5 Nc6 18.Qf3 Qh4+ 19.Bf2 Qg5 20.Be3 Qh4+ 21.Bf2 Qg5 22.Kf1 Nxe5 23.Qg3  1/2-1/2

[Event "TCh-CZE 2001-2"]
[Site "CZE"]
[Date "2002.03.09"]
[Round "8"]
[White "Movsesian,S"]
[Black "Markos,J"]
[Result "1-0"]
[WhiteElo "2624"]
[BlackElo "2454"]

1.e4 c5 2.Nf3 Nf6 3.Nc3 d5 4.Bb5+ Bd7 5.Bxd7+ Qxd7 6.e5 Ne4 7.Ne2 c4 8.b4 cxb3
9.axb3 Nc6 10.O-O h6 11.d3 Ng5 12.Nfd4 g6 13.Nxc6 bxc6 14.f4 Ne6 15.f5 gxf5
16.Rxf5 Bg7 17.Ng3 Nd4 18.Rh5 Qe6 19.Bf4 f6 20.Qd2 fxe5 21.Re1 e4 22.dxe4 dxe4
23.c3 Nxb3 24.Qc2 Qc4 25.Nf5 O-O 26.Rxe4  1-0

[Event "TCh-CZE 2001-2"]
[Site "CZE"]
[Date "2002.03.10"]
[Round "9"]
[White "Hracek,Z"]
[Black "Movsesian,S"]
[Result "1/2-1/2"]
[WhiteElo "2586"]
[BlackElo "2624"]

1.e4 c5 2.Nf3 Nc6 3.d4 cxd4 4.Nxd4 Qc7 5.Nc3 e6 6.Be2 a6 7.O-O Nf6 8.Be3 Be7
9.f4 d6 10.Qe1 O-O 11.Qg3 Nxd4 12.Bxd4 b5 13.a3 Bb7 14.Rae1 Bc6 15.Bd3 Qb7
16.e5 dxe5 17.fxe5 Nh5 18.Qh3 g6 19.Ne4 Bxe4 20.Bxe4 Qd7 21.c3 Rac8 22.Qe3 Ng7
23.Rf3 Qd8 24.b4 Bg5  1/2-1/2

[Event "SVK-Cup"]
[Site "Trencianske Teplice SVK"]
[Date "2002.03.31"]
[Round "3"]
[White "Chytilek,R"]
[Black "Movsesian,S"]
[Result "1/2-1/2"]
[WhiteElo "2386"]
[BlackElo "2624"]

1.d4 Nf6 2.c4 d6 3.Nc3 Nbd7 4.Nf3 g6 5.Bg5 Bg7 6.e3 h6 7.Bh4 O-O 8.Qc2 c5
9.Be2 a6 10.O-O cxd4 11.Nxd4 Qc7 12.Rac1 e6 13.Rfd1 b6 14.Qd2 Nc5 15.f3 Rd8
16.b4 Ncd7 17.Bg3 Bb7 18.Nd5 exd5 19.cxd5 Nc5 20.bxc5 bxc5 21.Nb3 Nd7 22.Qa5 Qb8
23.Rb1  1/2-1/2

[Event "TCh-CZE 2001-2"]
[Site "CZE"]
[Date "2002.04.06"]
[Round "10"]
[White "Vokac,M"]
[Black "Movsesian,S"]
[Result "0-1"]
[WhiteElo "2505"]
[BlackElo "2624"]

1.d4 Nf6 2.c4 d6 3.Nc3 Nbd7 4.g3 g6 5.Bg2 Bg7 6.e3 O-O 7.Nge2 e5 8.b3 Re8
9.Bb2 e4 10.Qc2 Qe7 11.h3 h5 12.g4 hxg4 13.hxg4 Nxg4 14.Nd5 Qd8 15.Bxe4 c6
16.Ndf4 Ndf6 17.Bd3 Nxf2 18.Kxf2 Ng4+ 19.Ke1 Nxe3 20.Qc3 Qg5 21.Kd2 Ng2 22.Raf1 Rxe2+
23.Bxe2 Nxf4 24.Qe3 Ne6 25.Qxg5 Nxg5 26.Bd3 Bg4 27.Kc2 f5 28.Rhg1 Rf8 29.d5 Bxb2
30.Kxb2 Kg7 31.dxc6 bxc6 32.b4 Nf3 33.Rg3 Ne5 34.Rfg1 Rh8 35.Kc3 Rh4 36.b5 cxb5
37.cxb5 Kf6 38.a4 Bf3 39.Bc2 Rc4+ 40.Kb2 d5 41.Bb3 Rc5 42.Rf1 Nd3+ 43.Ka3 Be4
44.Rd1 Rc3 45.a5 f4 46.Rh3 d4 47.b6 axb6 48.axb6 f3 49.Ka2 Nc1+ 50.Rxc1 Rxc1
51.Rh4 Re1 52.Rh7 Kg5 53.b7 Bxb7 54.Rxb7 f2 55.Bc4 f1=Q 56.Bxf1 Rxf1 57.Kb2 Rf4
58.Kc2 Kg4 59.Rb1 g5 60.Rg1+ Kf5 61.Kd3 g4 62.Rg2 Kg5 63.Rg1 Kh4  0-1

[Event "TCh-BIH"]
[Site "Neum BIH"]
[Date "2002.06.03"]
[Round "2"]
[White "Martinovic,S"]
[Black "Movsesian,S"]
[Result "0-1"]
[WhiteElo "2450"]
[BlackElo "2624"]

1.c4 Nf6 2.Nf3 c6 3.d4 d5 4.e3 Bg4 5.h3 Bxf3 6.Qxf3 e6 7.Nc3 Nbd7 8.Bd3 Bd6
9.O-O O-O 10.Rd1 Re8 11.Bd2 Qe7 12.Bf1 Rad8 13.b3 g6 14.g3 e5 15.cxd5 e4
16.Qe2 cxd5 17.Qb5 Nf8 18.Bg2 a6 19.Qe2 h5 20.Rac1 Ne6 21.Na4 h4 22.g4 Ng5
23.Ba5 Rc8 24.Nb6 Rxc1 25.Rxc1 Qe6 26.Na4 Bb8 27.Bb4 b5 28.Nc3 Qc6 29.Kf1 Bd6
30.Bxd6 Qxd6 31.Ke1 Rc8 32.Kd1 Rc6 33.Nb1 Rxc1+ 34.Kxc1 Qh2 35.Qf1 Nf3 36.Kd1 Ng5
37.Nc3 Qc7 38.Nb1 Kg7 39.Qe2 Kh6 40.Kd2 Qh2 41.Qf1 Nf3+ 42.Kd1 Ng5 43.Nd2 Qc7
44.Qe2 Kg7 45.Nf1 Qc3 46.Qc2 Qa1+ 47.Ke2 Nf3 48.Qd1 Qxa2+ 49.Nd2 Nxd2 50.Qxd2 Qxb3
51.f4 Nd7 52.Qa5 Qc2+ 53.Kf1 Qc6 54.Qd8 b4  0-1

[Event "TCh-BIH"]
[Site "Neum BIH"]
[Date "2002.06.03"]
[Round "3"]
[White "Kosic,D"]
[Black "Movsesian,S"]
[Result "1/2-1/2"]
[WhiteElo "2537"]
[BlackElo "2624"]

1.d4 Nf6 2.Nf3 d5 3.c4 c6 4.e3 Bg4 5.h3 Bxf3 6.Qxf3 e6 7.Nc3 Nbd7 8.Bd3 Bd6
9.O-O O-O 10.Rd1 Re8 11.Qe2 Qe7 12.e4 dxe4 13.Nxe4 Nxe4 14.Qxe4 Nf6 15.Qf3 e5
16.dxe5 Bxe5 17.Rb1 Rad8  1/2-1/2

[Event "TCh-BIH"]
[Site "Neum BIH"]
[Date "2002.06.05"]
[Round "5"]
[White "Bogut,Z"]
[Black "Movsesian,S"]
[Result "0-1"]
[WhiteElo "2403"]
[BlackElo "2624"]

1.e4 c5 2.Nf3 Nc6 3.c3 Qa5 4.d3 Nf6 5.Nbd2 d5 6.Nb3 Qb6 7.exd5 Nxd5 8.d4 cxd4
9.Nbxd4 Bg4 10.Qa4 Bd7 11.Bb5 f6 12.c4 Ndb4 13.Be3 Qc7 14.Rd1 e5 15.Nb3 Nc2+
16.Ke2 Nxe3 17.fxe3 a6 18.c5 Be7 19.Bxc6 Bxc6 20.Qa5 Qc8 21.Kf2 O-O 22.Qc3 Qf5
23.Rhe1 Kh8 24.Kg1 Rad8 25.Rxd8 Rxd8 26.Nbd2 Rd3 27.Qc2 g6 28.b4 Rxe3 29.Qc4 Rxe1+
30.Nxe1 Kg7 31.Nef3 Qd7 32.Qc3 Qd5 33.a3 g5 34.Nc4 g4 35.Ne3 Qe6 36.Nd2 f5
37.Ndc4 f4 38.Nc2 Bf6 39.Nd6 Qd5 40.Ne1 e4 41.Qc2 h5 42.a4 Qd4+ 43.Qf2 Qxb4  0-1

[Event "TCh-BIH"]
[Site "Neum BIH"]
[Date "2002.06.06"]
[Round "7"]
[White "Rogulj,B"]
[Black "Movsesian,S"]
[Result "0-1"]
[WhiteElo "2454"]
[BlackElo "2624"]

1.e4 c5 2.Nc3 a6 3.g3 b5 4.Bg2 Bb7 5.Nge2 Nf6 6.O-O d6 7.d3 e6 8.f4 Qc7 9.f5 b4
10.Nb1 e5 11.Bg5 Nbd7 12.Nd2 Be7 13.Nc4 Ng8 14.Bxe7 Nxe7 15.Qd2 Nf6 16.a3 a5
17.axb4 axb4 18.Rxa8+ Bxa8 19.h3 O-O 20.g4 d5 21.exd5 Nfxd5 22.Ra1 Bc6 23.Ra5 Bb7
24.Qe1 Ne3 25.Nxe3 Bxg2 26.Ra1 Bb7 27.Qf2 f6 28.Nc4 Rd8 29.b3 Nd5 30.Ra5 Rc8
31.Ra7 Ra8 32.Rxa8+ Bxa8 33.Nd2 Nc3 34.Nxc3 bxc3 35.Ne4 Bxe4 36.dxe4 Qd6
37.Qe2 Qd4+ 38.Kg2 h5 39.gxh5 Kh7 40.Qg4 Qd2+ 41.Kg3 Kh8 42.h6 gxh6 43.h4 Qxc2
44.Qg6 Qd3+ 45.Kh2 Qd6 46.Qxh6+ Kg8 47.Qg6+ Kf8 48.Qh6+ Ke8 49.Qg6+ Kd7 50.Qf7+ Kc6
51.Qc4 Qd2+ 52.Kh3 c2 53.Qa6+ Kd7 54.Qb7+ Ke8 55.Qc8+ Qd8 56.Qe6+ Kf8 57.Qc4 Qd1
58.Qxc5+ Kg8 59.Qc8+ Kg7 60.Qe8 Qh1+ 61.Kg3 Qg1+ 62.Kf3 c1=Q 63.Qe7+ Kh8
64.Qe8+ Kh7  0-1

[Event "Eu Rapid Ch"]
[Site "Panormo GRE"]
[Date "2002.10.01"]
[Round "6"]
[White "Movsesian,S"]
[Black "Volkov,S"]
[Result "1-0"]
[WhiteElo "2654"]
[BlackElo "2636"]

1.e4 e6 2.d4 d5 3.e5 c5 4.c3 Qb6 5.Nf3 Bd7 6.Be2 Bb5 7.dxc5 Bxc5 8.O-O Bxe2
9.Qxe2 a5 10.c4 Qa6 11.Nc3 Qxc4 12.Qxc4 dxc4 13.Ne4 Be7 14.Nfd2 Nc6 15.Nxc4 f6
16.f4 Nh6 17.Ncd6+ Bxd6 18.Nxd6+ Ke7 19.Be3 Nf5 20.Nxf5+ exf5 21.Bc5+ Ke6
22.exf6 Kxf6 23.Rad1 Rad8 24.Bb6 Rxd1 25.Rxd1 Re8 26.Kf2 Re4 27.Bc7 Rb4 28.b3 a4
29.Bd6 Re4 30.g3 axb3 31.axb3 Ke6 32.Bc5 Kf6 33.Rd6+ Re6 34.Rd7 b5 35.Rb7 b4
36.Bf8 g5 37.fxg5+ Kxg5 38.Rxh7 Nd4 39.Rh4 Re2+ 40.Kf1 Re4 41.Be7+ Kg6 42.Rxe4 fxe4
43.Bxb4 Nxb3 44.Kf2 Nd4 45.h3 e3+ 46.Kg2 Kf5 47.Bc5 e2 48.Kf2 Nf3 49.Kxe2 Ng5
50.g4+ Ke4 51.h4 Nf7 52.Kf2 Kf4 53.g5 Kf5 54.Be7 Ke6 55.Bf6 Kf5 56.Kf3 Nd6
57.Be7 Nf7 58.Kg3 Ke6 59.Bf6 Kf5 60.Be7 Ke6 61.Bc5 Kf5 62.Be3 Kg6 63.Kg4 Ne5+
64.Kf4 Nd3+ 65.Ke4 Nb4 66.Bc5 Nc6 67.Kf4 Kh5 68.Kf5 Nd8 69.g6 Kh6 70.Bf8+ Kh5
71.g7 Nc6 72.Ke4  1-0

[Event "Eu Rapid Ch"]
[Site "Panormo GRE"]
[Date "2002.10.01"]
[Round "10"]
[White "Movsesian,S"]
[Black "Sakaev,K"]
[Result "1/2-1/2"]
[WhiteElo "2654"]
[BlackElo "2647"]

1.e4 e6 2.d4 d5 3.e5 c5 4.c3 Nc6 5.Nf3 Bd7 6.Be2 Nge7 7.Na3 cxd4 8.cxd4 Rc8
9.Nc2 f6 10.O-O Ng6 11.Bd3 fxe5 12.Bxg6+ hxg6 13.dxe5 Be7 14.Qd3 O-O 15.Ncd4 g5
16.h3 Nxd4 17.Nxd4 Qe8 18.Qg3 Qh5 19.Be3 Rc4 20.Rac1 Rfc8 21.b3 Rxc1 22.Bxc1 Bd8
23.Bd2 Bb6 24.Nf3 Rc2 25.a4 Rb2 26.a5 Bc7 27.Rc1 Bb8 28.b4 a6 29.Bc3 Rb3
30.Bd2 Rb2 31.Be1 Rb3 32.Bc3 Ba7 33.Bd2 Bb8 34.Bc3  1/2-1/2

[Event "Eu Blitz Ch"]
[Site "Panormo GRE"]
[Date "2002.10.02"]
[Round "1"]
[White "Movsesian,S"]
[Black "Orfalea,M"]
[Result "1-0"]
[WhiteElo "2651"]
[BlackElo "2215"]

1.e4 d5 2.exd5 Nf6 3.Bb5+ Nbd7 4.d4 Nxd5 5.Nf3 c6 6.Bd3 g6 7.O-O Bg7 8.Re1 O-O
9.h3 Qc7 10.c4 Nf4 11.Rxe7 Nxd3 12.Qxd3 Qd6 13.Re1 Nf6 14.Be3 Bf5 15.Qb3 Qc7
16.Nc3 Rfe8 17.Rad1 Rad8 18.Ne5 Qb6 19.Qa3 Bf8 20.c5 Qc7 21.Bf4 Qc8 22.Qxa7 Nd5
23.Nxd5 Rxd5 24.Qa4 Red8 25.Qc4 f6 26.Nf3 Be6 27.Qc2 Bf7 28.b4 Qa8 29.a4 Qa6
30.Re3 Ra8 31.Ra1 b6 32.Bg3 bxc5 33.dxc5 Rad8 34.Rae1 Rd3 35.b5 Rxe3 36.bxa6 Bb3
37.Qb2 Bxa4 38.Qa2+  1-0

[Event "Eu Blitz Ch"]
[Site "Panormo GRE"]
[Date "2002.10.02"]
[Round "1"]
[White "Orfalea,M"]
[Black "Movsesian,S"]
[Result "0-1"]
[WhiteElo "2215"]
[BlackElo "2651"]

1.e4 c5 2.Nf3 Nc6 3.d4 cxd4 4.Nxd4 Qc7 5.Nc3 e6 6.g3 a6 7.Bg2 Nf6 8.O-O d6
9.Be3 Be7 10.Nxc6 bxc6 11.f4 Bb7 12.Qe2 O-O 13.Rfd1 c5 14.Bf2 Nd7 15.Kh1 Rab8
16.Rd2 Bc6 17.Qxa6 Rxb2 18.Rb1 Rxb1+ 19.Nxb1 Ra8 20.Qc4 Nb6 21.Qd3 Rxa2 22.Nc3 Ra3
23.Be1 Qb7 24.Rd1 d5 25.Qe2 d4 26.Nb1 Re3 27.Qf2 Bxe4 28.Bd2 Nc4 29.Kg1 Bxg2
30.Qxg2 Qxg2+ 31.Kxg2 Re2+ 32.Kf3 Rxh2 33.c3 f5 34.cxd4 cxd4 35.Be1 g5 36.Rxd4 g4+  0-1

[Event "Eu Blitz Ch"]
[Site "Panormo GRE"]
[Date "2002.10.02"]
[Round "2"]
[White "Djuric,S"]
[Black "Movsesian,S"]
[Result "1/2-1/2"]
[WhiteElo "2490"]
[BlackElo "2651"]

1.e4 c5 2.Nf3 Nc6 3.g3 g6 4.Bg2 Bg7 5.O-O e6 6.c3 d5 7.exd5 exd5 8.d4 cxd4
9.Nxd4 Nge7 10.Nxc6 bxc6 11.Nd2 O-O 12.Nb3 Nf5 13.Re1 Qb6 14.g4 Nd6 15.Be3 Qd8
16.Bc5 Be6 17.h3 Re8 18.Nd4 Qd7 19.Qa4 Rec8 20.Nxe6 fxe6 21.Bd4 Rf8 22.Bxg7 Kxg7
23.Re2 Rae8 24.Rae1 Re7 25.b3 Rfe8 26.c4 Nf7 27.cxd5 exd5 28.Rxe7 Rxe7 29.Rxe7 Qxe7
30.Qxc6 d4 31.Qd5 Qf6 32.Bf1 Ne5 33.Kg2 Qf4 34.Bc4 h5 35.Qg8+ Kh6 36.Qh8+ Kg5
37.Qd8+ Kh6 38.Qh8+ Kg5 39.Qd8+ Kh6 40.Qh8+ Kg5 41.Qd8+ Kh6 42.Qh8+ Kg5 43.Qd8+ Kh6
44.Qh8+  1/2-1/2

[Event "Eu Blitz Ch"]
[Site "Panormo GRE"]
[Date "2002.10.02"]
[Round "3"]
[White "Movsesian,S"]
[Black "Huzman,A"]
[Result "1-0"]
[WhiteElo "2651"]
[BlackElo "2595"]

1.e4 e6 2.d4 d5 3.e5 c5 4.c3 Qb6 5.Nf3 Bd7 6.Be2 cxd4 7.cxd4 Bb5 8.O-O Bxe2
9.Qxe2 Ne7 10.Nc3 Nbc6 11.Be3 Nf5 12.h4 Be7 13.h5 O-O 14.g4 Nxe3 15.fxe3 f5
16.exf6 Bxf6 17.Rf2 Qa6 18.Qd2 Be7 19.Raf1 Rf7 20.a3 Raf8 21.Ne2 Bd6 22.Ng5 Rxf2
23.Rxf2 Rxf2 24.Kxf2 Be7 25.Nxe6 Ne5 26.dxe5 Qxe6 27.Nf4 Qxe5 28.Qxd5+ Qxd5
29.Nxd5 Bd6 30.e4 Be5 31.b3 Kf7 32.Ke3 Ke6 33.a4 a6 34.Kd3 Ba1 35.Ke3 Bb2
36.b4 Ke5 37.b5 axb5 38.axb5 Bd4+ 39.Kd3 Bg1 40.Nc3 Bd4 41.Nd5 Bg1 42.g5 Bc5
43.Nc7 Be7 44.g6 hxg6 45.hxg6 Bd6 46.Ne8 Bf8 47.b6 Ke6 48.Kd4 Ke7 49.Nc7 Kf6
50.e5+ Kxg6 51.Kd5 Kf5 52.Ne6 Be7 53.Nxg7+ Kg6 54.Ne6 Kf5 55.Nd4+ Kg6 56.Nb5 Kf5
57.Nd6+ Kf4 58.Nxb7 Kf5 59.Nd6+  1-0

[Event "Eu Blitz Ch"]
[Site "Panormo GRE"]
[Date "2002.10.02"]
[Round "5"]
[White "Movsesian,S"]
[Black "Volkov,S"]
[Result "1-0"]
[WhiteElo "2651"]
[BlackElo "2642"]

1.e4 e6 2.d4 d5 3.e5 c5 4.c3 Qb6 5.Nf3 Bd7 6.Be2 Bb5 7.dxc5 Bxc5 8.O-O Bxe2
9.Qxe2 a5 10.c4 Ne7 11.Nc3 O-O 12.cxd5 Nxd5 13.Nxd5 exd5 14.Qd3 Rd8 15.Bg5 Rd7
16.Rac1 Nc6 17.Qf5 Rc7 18.e6 f6 19.Bf4 Rcc8 20.Qxd5 Ne7 21.Qe4 Rc6 22.b3 Kh8
23.Rce1 Re8 24.Be3 Ng6 25.Bxc5 Qxc5 26.Nd4 f5 27.Qe3 Rd6 28.Rd1 f4 29.Qe4 b5
30.Rfe1 Qb4 31.h4 Nxh4 32.Qxf4 Ng6 33.Qe3 h6 34.Nc2 Rxd1 35.Nxb4 Rxe1+ 36.Qxe1 axb4
37.g3 Nf8 38.Qxb4 Nxe6 39.Qxb5 Rf8 40.Qc4 Rf6 41.a4 Ng5 42.Kg2 Kh7 43.a5 Ne6
44.a6 Ng5 45.Qd5  1-0

[Event "Eu Blitz Ch"]
[Site "Panormo GRE"]
[Date "2002.10.02"]
[Round "6"]
[White "Nielsen,PH"]
[Black "Movsesian,S"]
[Result "1/2-1/2"]
[WhiteElo "2620"]
[BlackElo "2651"]

1.c4 Nf6 2.Nc3 c5 3.Nf3 Nc6 4.g3 g6 5.d4 cxd4 6.Nxd4 Bg7 7.Bg2 O-O 8.O-O d6
9.Nc2 Be6 10.b3 Rc8 11.Bb2 a6 12.Nd5 Bxd5 13.cxd5 Ne5 14.h3 Qb6 15.Rc1 Rc7
16.Qd4 Qa5 17.a4 Rfc8 18.Qb4 Qxb4 19.Nxb4 Nfd7 20.Rb1 Nc5 21.Ba1 a5 22.Na2 Na6
23.Be4 f5 24.Bg2 Rc2 25.Nc1 Nb4 26.e3 Kf7 27.Bd4 Ned3 28.Nxd3 Nxd3 29.Bb6 Bc3
30.g4 Bb4 31.Bf3 Ne5 32.Bd1 Rd2 33.Bd4 Nd3 34.gxf5 gxf5 35.Bh5+ Kf8 36.Kg2 Nf4+
37.exf4 Rxd4 38.Rbc1 Rc5 39.Rxc5 Bxc5 40.Rd1 Rxf4 41.Rd2 Kg7 42.Bf3 Rb4 43.Rd3 Kf6
44.Bd1 Bd4 45.Be2 Ke5 46.Rf3 f4 47.Bc4 h5 48.Rd3 b5 49.Bxb5 Kxd5 50.Kf3 e5
51.Bc4+ Kc5 52.Ke4 Rb8 53.f3 Rb7 54.Rd2 Rg7 55.Rc2 Kb4 56.Bd5 Bc3 57.Kf5 Rg1
58.Ke6 Rd1 59.Kxd6 e4 60.fxe4 f3 61.Rf2 Rd3 62.e5 Re3 63.e6 Be5+ 64.Kd7 Kc5
65.Rxf3 Re1 66.Bc4 Bd6 67.Rd3 Bf8 68.Rd5+ Kb6 69.Rb5+ Ka7 70.Bd5 Rd1 71.Rb7+ Ka6
72.Rb5 Ka7 73.Ke8 Bb4 74.e7 Re1 75.Kd7 Rxe7+ 76.Kc6 Re8 77.Rb7+ Ka8 78.Kd7 Re7+
79.Kc8 Rxb7 80.Bxb7+ Ka7 81.Bf3 h4 82.Kd7 Kb6 83.Bd5 Kc5 84.Bc4 Kd4 85.Ke6  1/2-1/2

[Event "Eu Blitz Ch"]
[Site "Panormo GRE"]
[Date "2002.10.02"]
[Round "8"]
[White "Grivas,E"]
[Black "Movsesian,S"]
[Result "0-1"]
[WhiteElo "2494"]
[BlackElo "2651"]

1.c4 Nf6 2.Nf3 c6 3.Nc3 d5 4.e3 a6 5.b3 Bf5 6.Bb2 h6 7.Be2 Nbd7 8.O-O e6
9.a3 Be7 10.b4 O-O 11.Qb3 Bh7 12.Rfd1 Bd6 13.Bf1 Qe7 14.c5 a5 15.d4 Bc7 16.h3 axb4
17.axb4 e5 18.e4 Nxe4 19.Nxe4 Bxe4 20.b5 Rxa1 21.Rxa1 Qf6 22.b6 Bb8 23.Be2 Re8
24.Kf1 Qf4 25.Bc1 Qf6 26.Be3 Nxc5 27.Qb4 Nd3 28.Qd2 Nf4 29.Ra8 Nxe2 30.Qxe2 Qe6
31.Nd2 Bf5 32.Nb3 Bd6 33.Nc5 Rxa8 34.Qd1 Bf8  0-1

[Event "Eu Blitz Ch"]
[Site "Panormo GRE"]
[Date "2002.10.03"]
[Round "11"]
[White "Movsesian,S"]
[Black "Roiz,M"]
[Result "1-0"]
[WhiteElo "2651"]
[BlackElo "2512"]

1.e4 e6 2.d4 d5 3.e5 c5 4.c3 Nc6 5.Nf3 Qb6 6.a3 Nh6 7.b4 cxd4 8.cxd4 Nf5
9.Be3 g6 10.Bd3 Nxe3 11.fxe3 Bh6 12.Qe2 O-O 13.O-O f5 14.exf6 Rxf6 15.Nc3 Bd7
16.Na4 Qc7 17.Rac1 a6 18.Nc5 Raf8 19.a4 Qd6 20.Nxb7 Qxb4 21.Nc5 Be8 22.Rb1 Qc3
23.Rfc1 Qa3 24.Rd1 Qc3 25.Rb3 Qa5 26.Bxa6 e5 27.Bb5 e4 28.Nd2 Qd8 29.Rbb1 Qe7
30.Rf1 Bg7 31.Rxf6 Rxf6 32.Bxc6 Bxc6 33.Rf1 Qa7 34.h3 Rxf1+ 35.Qxf1 Qa5 36.Ndb3 Qc3
37.Qf4 h6 38.a5 g5 39.Qg3 Bb5 40.Kh2 Bc4 41.a6 Bxa6 42.Nxa6 Qxb3 43.Nc5 Qa3
44.Ne6 Bf6 45.Qb8+ Kf7 46.Nc7 Qxe3 47.Qe8+ Kg7 48.Ne6+  1-0

[Event "Eu Blitz Ch"]
[Site "Panormo GRE"]
[Date "2002.10.03"]
[Round "14"]
[White "Van Wely,L"]
[Black "Movsesian,S"]
[Result "1/2-1/2"]
[WhiteElo "2681"]
[BlackElo "2651"]

1.d4 Nf6 2.c4 c6 3.Nf3 d5 4.e3 Bg4 5.Nbd2 e6 6.h3 Bh5 7.Bd3 Nbd7 8.Qc2 Bd6
9.b3 Bg6 10.Bxg6 hxg6 11.Bb2 Qc7 12.Rc1 Rc8 13.a3 O-O 14.b4 Rfe8 15.O-O Qd8
16.Rfe1 e5 17.dxe5 Nxe5 18.cxd5 Nxd5 19.Red1 Nxf3+ 20.Nxf3 Qc7 21.e4 Nf4
22.e5 Bf8 23.Qe4 Ne6 24.h4 Red8 25.g3 Rxd1+ 26.Rxd1 Rd8 27.Rc1 Qb6 28.Bc3 Qa6
29.Bb2 Qb5 30.Qc4 Qb6 31.Kg2 a5 32.Bc3 axb4 33.axb4 Be7 34.Ra1 Qc7 35.b5 c5
36.Qe4 Qd7 37.Ra7 Qxb5 38.Rxb7 Qe8 39.Bd2 Rb8 40.Ra7 Rc8 41.Qc4 Ra8 42.Rb7 Rb8
43.Ra7 Ra8  1/2-1/2

[Event "Eu Blitz Ch"]
[Site "Panormo GRE"]
[Date "2002.10.03"]
[Round "14"]
[White "Movsesian,S"]
[Black "Van Wely,L"]
[Result "1-0"]
[WhiteElo "2651"]
[BlackElo "2681"]

1.e4 c5 2.Nf3 d6 3.Nc3 e6 4.d4 cxd4 5.Nxd4 a6 6.g4 Be7 7.Be3 Nf6 8.g5 Nfd7
9.h4 Nc6 10.Qh5 O-O 11.O-O-O Nde5 12.Bd3 Nxd3+ 13.Rxd3 Ne5 14.Rdd1 b5 15.f4 Nc4
16.Nc6 Qd7 17.Nxe7+ Qxe7 18.Bd4 b4 19.Ne2 e5 20.Bf2 Bb7 21.Qf3 exf4 22.Rd4 Rac8
23.Nxf4 Rfe8 24.Re1 a5 25.Nh5 Ne5 26.Qg3 Qc7 27.Re2 Re6 28.Nf4 Ree8 29.h5 Ba6
30.Red2 Nc4 31.Nd5 Qd8 32.Nf6+ Kh8 33.Nxe8 Qxe8 34.Rd1 Qe6 35.Kb1 a4 36.h6 Kg8
37.Rxd6 Nxd6 38.Qxd6 Qxe4 39.Bc5 Re8 40.Bxb4 Be2 41.Rc1 Bh5 42.Bc3 Bg6 43.a3 Qc4
44.hxg7 Rc8 45.Rd1 Re8 46.Qe5 Qc8 47.Qd6 Qf5 48.Rc1 Qxg5 49.Bb4 Kxg7 50.Bc3+ Kg8
51.Qd4 f6 52.Rg1 Qe5 53.Qc4+ Qe6 54.Qxa4 Qe2 55.Rc1 Kf7 56.Qb3+ Kf8 57.Bxf6 Rc8
58.Qb4+ Kg8 59.Bc3 Qe4 60.Qb3+ Kf8 61.Bb4+  1-0

[Event "TCh-CZE 2002-3"]
[Site "Czech Rep CZE"]
[Date "2002.10.12"]
[Round "1"]
[White "Movsesian,S"]
[Black "Babula,V"]
[Result "1-0"]
[WhiteElo "2663"]
[BlackElo "2581"]

1.Nf3 Nf6 2.g3 d5 3.Bg2 c6 4.O-O Bg4 5.d3 Nbd7 6.Qe1 e5 7.h3 Bh5 8.e4 dxe4
9.dxe4 Bc5 10.Nbd2 O-O 11.Nc4 Re8 12.a4 b5 13.Na5 Qc7 14.Nh4 Bg6 15.Bg5 Bd4
16.Ra2 bxa4 17.Nxg6 hxg6 18.Rxa4 Rab8 19.c3 Bb6 20.Nc4 Nh5 21.Kh2 f6 22.Bd2 Nc5
23.Ra3 Rbd8 24.Qe2 Nb7 25.Rfa1 Nd6 26.Nxb6 axb6 27.Ra7 Qc8 28.Be3 c5 29.Qg4 Kh7
30.Qh4 Kg8 31.Bf3 Qc6 32.Bxh5 gxh5 33.Qxh5 Qxe4 34.Bh6 gxh6 35.R1a4 c4 36.Rxc4  1-0

[Event "TCh-CZE 2002-3"]
[Site "Czech Rep CZE"]
[Date "2002.10.13"]
[Round "2"]
[White "Zurek,M"]
[Black "Movsesian,S"]
[Result "1/2-1/2"]
[WhiteElo "2446"]
[BlackElo "2663"]

1.d4 Nf6 2.c3 g6 3.Nf3 Bg7 4.Bf4 O-O 5.e3 d6 6.h3 Nbd7 7.Be2 Qe8 8.Bh2 e5
9.O-O Qe7 10.Qb3 Re8 11.Rd1 e4 12.Nfd2 Nf8 13.c4 h5 14.Nc3 c6 15.Qa3 Rd8
16.b4 Bf5 17.Rac1 g5 18.Qa5 d5 19.cxd5 cxd5 20.Qc7 Rd7 21.Qe5 Be6 22.Qxg5 Qxb4
23.Nb5 N8h7 24.Qh4 Bf5 25.Rb1 Qa5 26.Nd6 Bg6 27.Nxb7 Qxa2 28.Nc5 Rdd8 29.Ba6 Bh6
30.Bf4 Bxf4 31.Qxf4 Qc2 32.Nf1 Rf8 33.Rdc1 Qa2 34.Qc7 Qa3 35.Ra1 Qb2 36.Rcb1 Qc2
37.Qa5 Rab8 38.Bb7 h4 39.Nd2 Rxb7 40.Rxb7 Ng5 41.Qa2 Qxa2 42.Rxa2 Nh5 43.Raxa7 f5
44.Nd7 Rc8 45.Nb3 f4 46.Nbc5 Nh7 47.Ne5 Bf5 48.Ng4 Kh8 49.Nh6 Bg6 50.Rg7 Nxg7
51.Ra6 fxe3 52.fxe3 Be8 53.Rd6 Rc6 54.Rxc6 Bxc6 55.g3 hxg3 56.Kg2 Nh5 57.Nf5 Nf8
58.Na6 Bd7 59.Ne7 Kg7 60.Nc5 Nf6 61.Nxd7 N8xd7 62.Kxg3 Kf7 63.Nf5 Nf8 64.Kf4 Ng6+
65.Kg5 Nh7+ 66.Kh6 Kf6 67.Ng3 Nhf8 68.Nh5+ Kf7 69.Kg5 Ne7 70.Kf4 Ke6 71.Ng7+ Kf7
72.Nh5 Nc6 73.Ng3 Ng6+ 74.Kg5 Nd8 75.h4 Ne6+ 76.Kf5 Ng7+ 77.Kg5 Nf8 78.Kf4 Ng6+
79.Kg5 Ne7 80.Kf4 Ke6 81.h5 Nef5 82.h6 Nxh6 83.Nxe4 Nh5+ 84.Kf3 dxe4+ 85.Kxe4 Nf6+
86.Kf4 Kd5 87.Kg5 Nhg8 88.e4+ Nxe4+ 89.Kf4 Ne7 90.Ke3 Nd6 91.Kf4 Nef5 92.Kf3 Nf7
93.Kf4 N5d6 94.Kf3 Ng5+ 95.Kf4 Ne6+ 96.Ke3 Ne8 97.Kd3 N8g7 98.Ke3 Nh5 99.Kd3 Ng3
100.Kc3 Nf4 101.Kd2 Nf5 102.Kc3 Nd6 103.Kb4 Ne2 104.Kb3 Ne4 105.Kb4 N2c3
106.Kb3 Nb5 107.Kb4 Ned6 108.Kb3 Na7 109.Kb4 Nc6+ 110.Kb3 Nb5 111.Kc2 Na5
112.Kd3 Nc4 113.Kc2 Ke4 114.Kb3 Kd5 115.Kc2 Nb6 116.Kd3 Na4 117.Ke3 Nb2 118.Kf4 Nc3
119.Kf3 Nc4 120.Kf4 Nd6 121.Ke3 Kc4 122.Kf4 Nd5+ 123.Ke5 Nb5 124.Ke6 Nbc3  1/2-1/2

[Event "TCh-CZE 2002-3"]
[Site "Czech Rep CZE"]
[Date "2003.01.18"]
[Round "5"]
[White "Jirovsky,M"]
[Black "Movsesian,S"]
[Result "1/2-1/2"]
[WhiteElo "2457"]
[BlackElo "2663"]

1.Nf3 c5 2.c3 Nc6 3.d4 e6 4.Bf4 Nf6 5.e3 d5 6.Nbd2 Qb6 7.Qb3 Be7 8.h3 O-O
9.Be2 Bd7 10.O-O Rfc8 11.Qxb6 axb6 12.Rfe1 Be8 13.a3 Nd7 14.Rac1 h6 15.g4 f6
16.e4 Bf7 17.Bd3 Nf8 18.exd5 exd5 19.Bg3 Re8 20.Nf1 Ne6 21.Ne3 Red8 22.Bf5 cxd4
23.Bxe6 dxe3  1/2-1/2